1889 1106 1698 1169 1084 1282 1766 1646 1074 1418 1519 1429 1436 1382 1875 1181 1224 1460 1177 1296 1862 1381 1495 1654 1705 1748 1056 1542 1698 1511 1583 1336 1980 1730 1425 1420 1605 1915 1827 1670 1641 1754 1594 1190 1219 1864 1393 1610 1995 1530 1365 1708 1751 1069 1191 1108 1156 1529 1158 1041 1421 1180 1104 1187 1129 1519 1668 1463 1849 1996 1272 1872 1967 1179 1120 1504 1125 1355 1474 1328 1260 1097 1073 1346 1093 1963 1446 1795 1235 1538 1193 1897 1726 1547 1795 1804 1722 1982 1462 BCNSPRNW ULIB Ver.6.0+V

เปลี่ยนเป็นภาษาไทย

Change to English
 แสดงรายละเอียดบรรณานุกรม
  กลับหน้าหลัก

Brief Record : Get Marc (ISO 2709) : E-mail record : QR code < ปิดหน้าต่าง
สารบัญ Review โดย
ทศพร เกษรทอง
ห้องสมุดวิทยาเขตนครสวรรค์
ทศพร เกษรทอง เมื่อ27/กุมภาพันธ์/2558
บทที่ 1 วิวัฒนาการระบาดวิทยาการควบคุมการติดเชื้อที่ตำแหน่งผ่าตัด
บทที่ 2 ความรู้เบื้องต้นเกี่ยวกับการติดเชื้อที่ตำแหน่งผ่าตัด
บทที่ 3 ระบาดวิทยาการติดเชื้อที่ตำแหน่งผ่าตัด
บทที่ 4 กระบวนการหายของแผล
บทที่ 5 การป้องกันการติดเชื้อที่ตำแหน่งผ่าตัด
บทที่ 6 การเฝ้าระวังการติดเชื้อที่ตำแหน่งผ่าตัด

LEADER : 00000nam 2200000uu 4500
001    13399124301
003     ULIB
008    150227s2557||||th 000 0 tha d
020    ^a9786163610218
060  4 ^aWO185^bน146ร
100 0  ^aนงเยาว์ เกษตร์ภิบาล
245 10 ^aระบาดวิทยาและการป้องกันการติดเชื้อที่ตำแหน่งผ่าตัด=^bEpidemiology and Prevention of Surgical Site Infection/^cนงเยาว์ เกษตร์ภิบาล
250    ^aพิมพ์ครั้งที่ 1
260    ^aเชียงใหม่:^bคณะพยาบาลศาสตร์ มหาวิทยาลัยเชียงใหม่,^c2557.
300    ^a418 หน้า :^bภาพประกอบ ;^c27 ซม.
650  7 ^aSurgery
650  7 ^aระบาดวิทยา
650  7 ^aการติดเชื้อ^xการป้องกันและควบคุม
650  7 ^aศัลยกรรม
650  7 ^aศัลยกรรม^xการติดเชื้อ^xการป้องกันและควบคุม
710 1  ^aมหาวิทยาลัยเชียงใหม่. ^bคณะพยาบาลศาสตร์
945    ^p350^l0^i22900
945    ^p350^l0^i22901
945    ^p350^l0^i22902
999    ^aทศพร เกษรทอง
รายการนี้ยังไม่มีแท็ก
คุณยังไม่ได้ล็อกอิน คุณสามารถมีกิจกรรมร่วมกับเว็บไซต์ได้ แต่ต้องล็อกอินก่อน ::
  ล็อกอิน

รายการสื่อสารสนเทศ

ลำดับที่ ประเภท เลขเรียก/บาร์โค้ด สถานที่ สถานะ
1. วิทยาศาสตร์การแพทย์ และสุขภาพ
วิทยาศาสตร์การแพทย์ และสุขภาพ
สถานะ=หนังสือเก่า
WO185 น146ร ฉ.1 
  Barcode: 22900
ห้องสมุดวิทยาเขตนครสวรรค์
►ส่วนจัดเก็บหนังสือเก่า นว.
บนชั้น
  ขอยืม
2. วิทยาศาสตร์การแพทย์ และสุขภาพ
วิทยาศาสตร์การแพทย์ และสุขภาพ
สถานะ=หนังสือเก่า
WO185 น146ร ฉ.2 
  Barcode: 22901
ห้องสมุดวิทยาเขตนครสวรรค์
►ส่วนจัดเก็บหนังสือเก่า นว.
บนชั้น
  ขอยืม
3. วิทยาศาสตร์การแพทย์ และสุขภาพ
วิทยาศาสตร์การแพทย์ และสุขภาพ
สถานะ=หนังสือเก่า
WO185 น146ร ฉ.3 
  Barcode: 22902
ห้องสมุดวิทยาเขตนครสวรรค์
►ส่วนจัดเก็บหนังสือเก่า นว.
บนชั้น
  ขอยืม

รายการใกล้เคียง
    ผู้แต่ง [นงเยาว์ เกษตร์ภิบาล]

    หัวเรื่อง [Surgery]
    หัวเรื่อง [ระบาดวิทยา]
    หัวเรื่อง [ศัลยกรรม]

BibComment


ยังไม่เคยถูกคอมเมนท์

คอมเมนท์ทรัพยากรรายการนี้
  คอมเมนท์: ระบาดวิทยาและการ..


 Copyright 2026. Bcnsprnw @Library